000 00444 a2200181 4500
005 20260210104447.0
008 260209b |||||||| |||| 00| 0 eng d
020 _a9789352736492
_cRs. 650.00
040 _aMAIN
082 _a338.5
_bM691M
100 _aMithani, D M
245 _aMicroeconomics
260 _bHimalaya Publishing House
_c2025
_aMumbai
300 _a480
650 _aEconomics
650 _aMicroeconomics
942 _cBK
999 _c395943
_d395943